Music Quiz

Random Music or Artist Quiz
Score 0/64 Timer 10:00
3 Plays Today
Decade Artist % Correct
1960sThe Beatles
89.5%
1950sElvis Presley
80.7%
1960sElvis Presley
80.7%
1980sMichael Jackson
79.8%
1990sJanet Jackson
74.4%
1980sMadonna
71.4%
1990sMadonna
71.4%
1960sThe Rolling Stones
68.9%
1940s cont.Frank Sinatra
57.8%
1970sElton John
49.1%
2000sBeyoncé
48.5%
2010sKaty Perry
41.4%
2010sTaylor Swift
39.7%
1990sMariah Carey
38.3%
1990sWhitney Houston
35.5%
1960sThe Supremes
34.4%
1980sWham!/George Michael
34.3%
1960sThe Beach Boys
34.1%
1970sBee Gees
33%
1940sBing Crosby
32.7%
2000sRihanna
31.8%
2010sRihanna
31.6%
1980sPrince
29.1%
2010sDrake
28.9%
1980sBruce Springsteen
25.6%
1970sPaul McCartney & Wings
24.2%
1970sStevie Wonder
24.1%
1940s cont.Freddy Martin
23%
1940sGlenn Miller
19.8%
2010sBruno Mars
18.4%
1980sPhil Collins
16.8%
1980sHuey Lewis & The News
16.7%
Decade Artist % Correct
1950sPerry Como
16.1%
1940s cont.Perry Como
16.1%
1960sMarvin Gaye
15.5%
2010sAriana Grande
14.6%
1980sLionel Richie
14.3%
1980sDaryl Hall & John Oates
13.1%
1960sThe Four Seasons
12.7%
2010sMaroon 5
12.1%
1970sChicago
11.7%
1940sHarry James
11.6%
1970sThe Carpenters
11.1%
1950sRicky Nelson
9.6%
1940sTommy Dorsey
9.6%
1940s cont.Benny Goodman
9.3%
1940sJimmy Dorsey
9.2%
1950sPat Boone
8.1%
1940s cont.The Andrews Sisters
8.1%
1960sBrenda Lee
7.8%
1950sLes Paul & Mary Ford
5.8%
1960sConnie Francis
4.6%
1960sHerman's Hermits
4.6%
1950sPatti Page
4.2%
1940sDinah Shore
3.2%
1940s cont.Vaughn Monroe
2.9%
1940sSammy Kaye
2.2%
1940s cont.The Ink Spots
2.2%
1940s cont.Guy Lombardo
1.7%
1940sKay Kyser
1.3%
1950sEddie Fisher
1.3%
1940s cont.Jo Stafford
1.1%
1940sDick Haymes
1%
1950sHugo Winterhalter
0.5%

You're not logged in!

Compare scores with friends on all Sporcle quizzes.
OR
Log In

Sporcle TV

Today on Sporcle TV


Watch our educational content, quiz creation guides, and fun videos on Sporcle TV.

Show Comments

Extras

Top Quizzes Today


Score Distribution

Paid Content

Your Account Isn't Verified!

In order to create a playlist on Sporcle, you need to verify the email address you used during registration. Go to your Sporcle Settings to finish the process.

Report this User

Report this user for behavior that violates our Community Guidelines.

Details: